| 000 | 00581nam a22001937a 4500 | ||
|---|---|---|---|
| 005 | 20180411114119.0 | ||
| 010 | _aENG-122469 | ||
| 020 |
_a9788171391530 _c700.00 |
||
| 035 | _aEN-106001 | ||
| 037 | _bDBAD/PUB | ||
| 082 | _a551 | ||
| 100 | _aJamwal, Anil K. | ||
| 245 |
_aElements of physical georaphy / _cby Anil K. Jamwal |
||
| 260 |
_aNew Delhi _bJnanada Prakashan (P&D) _c2008 |
||
| 270 |
_a4837/2, 24, Ansari Road, Daryaganj, _bNew Delhi _e110002 |
||
| 300 |
_a286p. _bill. _c21cm(Hb) |
||
| 500 | _aInclude bibliography | ||
| 942 |
_2ddc _cEN _mJAM _h551 |
||
| 999 |
_c150708 _d150708 |
||